LEADER 01092nam2-2200361---450- 001 990003144180203316 005 20080915111205.0 010 $a3-540-44389-4 035 $a000314418 035 $aUSA01000314418 035 $a(ALEPH)000314418USA01 035 $a000314418 100 $a20080915d2003----km-y0itay50------ba 101 $aeng 102 $aDE 105 $aa---||||001yy 200 1 $a<> Matroids, trees, stable sets$fAlexander Schrijver 210 $aBerlin [etc.]$cSpringer$dcopyr. 2003 215 $aXXXIV, 1217 p.$cill.$d24 cm 225 2 $aAlgorithms and combinatorics$v24 410 0$12001$aAlgorithms and combinatorics 461 1$1001000314412$12001$aCombinatorial optimization 606 0 $aOttimizzazione matematica 676 $a519.3 700 1$aSCHRIJVER,$bAlexander$0351376 801 0$aIT$bsalbc$gISBD 912 $a990003144180203316 951 $a519.3 SCH/B$b37287/CBS$c519.3$d00217718 959 $aBK 969 $aSCI 979 $aCBAS$b10$c20080915$lUSA01$h1112 996 $aMatroids, trees, stable sets$91016334 997 $aUNISA LEADER 01702nam0 22003373i 450 001 VAN0255657 005 20230309085834.403 017 70$2N$a978-3-030-96523-5 100 $a20230309d2022 |0itac50 ba 101 $aeng 102 $aCH 105 $a|||| ||||| 200 1 $aHazardous Environmental Micro-pollutants, Health Impacts and Allied Treatment Technologies$feditors Toqeer Ahmed, Muhammad Zaffar Hashmi 210 $aCham$cSpringer$d2022 215 $aVIII, 401 p.$cill.$d24 cm 410 1$1001VAN0238466$12001 $aEmerging Contaminants and Associated Treatment Technologies$1210 $aCham$cSpringer$d2020- 620 $aCH$dCham$3VANL001889 702 1$aAhmed$bToqeer$3VANV208827 702 1$aHashmi$bMuhammad Z.$3VANV195498 712 $aSpringer $3VANV108073$4650 790 1$aHashmi, Muhammad Zaffar$zHashmi, Muhammad Z.$3VANV195499 790 1$aHashmi, M. Z.$zHashmi, Muhammad Z.$3VANV195500 790 1$aHashmi, M.Z.$zHashmi, Muhammad Z.$3VANV200940 801 $aIT$bSOL$c20240614$gRICA 856 4 $uhttps://link.springer.com/book/10.1007/978-3-030-64258-7$zE-book - Accesso al full-text attraverso riconoscimento IP di Ateneo, proxy e/o Shibboleth 899 $aBIBLIOTECA DEL DIPARTIMENTO DI SCIENZE E TECNOLOGIE AMBIENTALI BIOLOGICHE E FARMACEUTICHE$1IT-CE0101$2VAN17 912 $fN 912 $aVAN0255657 950 $aBIBLIOTECA DEL DIPARTIMENTO DI SCIENZE E TECNOLOGIE AMBIENTALI BIOLOGICHE E FARMACEUTICHE$d17CONS e-book 2307 $e17BIB2307/331 331 20230309 $sBuono 996 $aHazardous Environmental Micro-pollutants, Health Impacts and Allied Treatment Technologies$93041441 997 $aUNICAMPANIA